=LDR 00000nam 2200000 4500 =001 INLIS000000000012831 =005 20130612104321 =008 ***********************************Ind** =035 ##$$a0010-061300000012831 =041 ##$$a Ind =082 ##$$a 615.504 =090 ##$$a 615.504, Ban p =100 ##$$a Bansun, P =245 ##$$a 15 Penyakit kasmopalitan, Atasi dengan Terapi Jus, P. Bansun =260 ##$$a 2001 $b Jakarta =300 ##$$a 79 hlm., Ilus, 20 cm =650 ##$$a Terapi Jus =850 ##$$a NBPNMAT =990 ##$$a 0001/BPAP-NTB/20142014